000 nam a22 7a 4500
999 _c10128
_d10128
008 180212b ||||| |||| 00| 0 eng d
100 _aRao, V R
_96145
245 _aSpiral maths class - II
260 _aNew Delhi
_bGeeta Publication
_c2013